000 00294nam a2200121Ia 4500
008 220120s9999||||xx |||||||||||||| ||und||
082 _a530 BAS
100 _aBasavaraj, B
_91209
245 0 _aText book of engineering physics
260 _aOmkar
_c2012
300 _b245
650 _aMATHEMATICS
999 _c137185
_d137185